| 000 | 00872nam a22002297a 4500 | ||
|---|---|---|---|
| 999 |
_c1712 _d1712 |
||
| 003 | AR-CdUCM | ||
| 008 | 190227b ||||| |||| 00| 0 spa d | ||
| 040 |
_aMUNICIPALIDAD PROVINCIAL DEL CUSCO _cBIBLIOTECA MUNICIPAL DEL CUSCO |
||
| 041 | _hger | ||
| 082 |
_a781.17 / _bM81 |
||
| 100 |
_aMoser, Hans Joachim _96299 |
||
| 245 |
_aEstética de la música / _cHans Joachim Moser |
||
| 260 |
_aMexico, D.F. : _bUnion tipografica editorial hispano americana, _c1966. |
||
| 300 |
_a218 paginas ; _c17 cm. |
||
| 505 | _aLas dimensiones del mundo sonoro -- Medios de representación de la música -- vivencia musical de la forma -- La música y el problema del contenido ... | ||
| 650 |
_aMúsica _91443 |
||
| 650 |
_aFilosofía y estética _96331 |
||
| 650 |
_aMúsica dramática _96332 |
||
| 700 |
_aGerhard, Carlos _96192 |
||
| 942 |
_2ddc _cLIBROS |
||
| 945 |
_aacv _d2019-02-27 |
||